Strong maximum principle for a sublinear elliptic problem at resonance

Elmentve itt :
Bibliográfiai részletek
Szerzők: Anello Giovanni
Cammaroto Filippo
Vilasi Luca
Dokumentumtípus: Folyóirat
Megjelent: 2022
Sorozat:Electronic journal of qualitative theory of differential equations
Kulcsszavak:Differenciálegyenlet
Tárgyszavak:
doi:10.14232/ejqtde.2022.1.32

Online Access:http://acta.bibl.u-szeged.hu/76533
LEADER 00843nas a2200241 i 4500
001 acta76533
005 20221108082854.0
008 220908s2022 hu o 0|| eng d
022 |a 1417-3875 
024 7 |a 10.14232/ejqtde.2022.1.32  |2 doi 
040 |a SZTE Egyetemi Kiadványok Repozitórium  |b hun 
041 |a eng 
100 1 |a Anello Giovanni 
245 1 0 |a Strong maximum principle for a sublinear elliptic problem at resonance  |h [elektronikus dokumentum] /  |c  Anello Giovanni 
260 |c 2022 
300 |a 12 
490 0 |a Electronic journal of qualitative theory of differential equations 
650 4 |a Természettudományok 
650 4 |a Matematika 
695 |a Differenciálegyenlet 
700 0 1 |a Cammaroto Filippo  |e aut 
700 0 1 |a Vilasi Luca  |e aut 
856 4 0 |u http://acta.bibl.u-szeged.hu/76533/1/ejqtde_2022_032.pdf  |z Dokumentum-elérés